000 02183cam a22003737i 4500
001 2765
005 20240112145035.0
020 _a9780545674904
_qpaperback
020 _a0545674905
_qpaperback
020 _a9780545674911 (hbk.)
020 _a0545674913 (hbk.)
040 _aBKL
_beng
_cBKL
_erda
_dBKL
_dNYP
_dYDXCP
_dBTCTA
_dBDX
_dFOLLT
_dNYP
_dCGP
_dT7L
_dOJ4
_dEHH
_dDLC
050 0 0 _aPZ7.1.H688
_bMy 2015
082 0 4 _a575
_223
100 1 _aHoward, Ryan
_d1979-
245 1 0 _aMy new team /
_cby Ryan Howard and Krystle Howard
250 _aFirst printing, February 2015
260 _aNew York :
_bScholastic,
_c2015
300 _a96 pages :
_billustrations ;
_c22 cm
490 1 _aLittle Rhino ;
_vBook 1
500 _aContains sneak peek of the next Little Rhino series.
505 _aJ
520 _aA new chapter book series from Major League Baseball's 2006 National League MVP, Ryan Howard! Every day when Little Rhino comes home from school, he finishes his homework, grabs his bat, his glove, and runs outside to meet Grandpa James. They always practice catching and hitting in the backyard. Playing baseball with grandfather is Little Rhino's favorite thing to do, especially when he pretends to be a real Major League homerun hitter. One afternoon, after a long day of second grade, Little Rhino comes home to find out that Grandpa James has signed him up for a baseball league! Little Rhino will finally be a part of a team! But Little Rhino will quickly learn that is not always so easy to a good teammate, especially when there's a bully wearing the same uniform as you. From Major League Baseball superstar Ryan Howard and his wife, Krystle Howard, a former elementary school teacher, this exciting new series is a fun read for sports and book fans alike!
521 _a480
_bLexile
521 _aJ
_bRaz-Plus
650 0 _aLittle League baseball
_vJuvenile fiction.
650 0 _aBullies
_vJuvenile fiction.
650 0 _aSchool children
_vJuvenile fiction.
650 0 _aGrandfathers
_vJuvenile fiction.
655 0 _aBaseball stories.
700 1 _aHoward, Krystle
_eCoauthor
906 _a7
_bcbc
_ccopycat
_d2
_encip
_f20
_gy-gencatlg
942 _2ddc
_cBK
_n0
999 _c2765
_d2765